| 000 | 00828nam a2200205Ii 4500 | ||
|---|---|---|---|
| 003 | JO-AjNU | ||
| 008 | 230605s9999||||xx |||||||||||||| ||und|| | ||
| 017 | _a1983/406 | ||
| 040 |
_aJO-AjNU _bara _erda _cJO-AjNU |
||
| 041 | _aara | ||
| 050 | 1 | 4 | _aGV1017 1983 |
| 100 | 3 |
_aترجمة حسن، سليمان علي، ترجمة التكريتي، وديع ياسين، ترجمة السراج، فؤاد ابراهيم, _eauthor _99036 |
|
| 245 | 0 | 0 | _aملحق كرة اليد: القانون الدولي |
| 264 | 3 | 1 | _aبغداد: دار الكتب للطباعة ووالنشر، 1983 |
| 300 |
_a91ص _bيشتمل على جداول |
||
| 336 |
_atext _btxt _2rdacontent |
||
| 337 |
_aunmediated _bn _2rdamedia |
||
| 338 |
_avolume _bnc _2rdacarrier |
||
| 650 | 4 |
_aكرة اليد- القانون الدولي-الرياضة _99037 |
|
| 999 |
_aA1094 _c4662 _d4662 |
||